000 00488nam a2200205 a 4500
003 PK-NaQUE
005 20260512133206.0
008 260512b |||||||| |||| 00| 0 eng d
020 _a9789393415
020 _a978-9789393411
040 _cQUEST
100 1 _aJhabvala, Noshirvan H.
245 1 4 _aLaw of Torts
250 _a3rd ed.
260 _a[S.l.] :
_bN.M. Tripathi & Co,
_c1965.
300 _a159 p.
650 _aLaw of Torts
856 4 0 _yDownload eBook
942 _2ddc
_cBK
999 _c9577
_d9577